TRANSFORMING RESEARCH LIBRARIES FOR THE (Record no. 22651)

MARC details
000 -LEADER
fixed length control field 00357nam a2200133Ia 4500
008 - FIXED-LENGTH DATA ELEMENTS--GENERAL INFORMATION
fixed length control field 240624s9999 xx 000 0 und d
041 ## - LANGUAGE CODE
Language code of text/sound track or separate title eng
082 ## - DEWEY DECIMAL CLASSIFICATION NUMBER
Classification number 020 DEW
100 ## - MAIN ENTRY--PERSONAL NAME
Personal name DEWEY BARBARA I
245 ## - TITLE STATEMENT
Title TRANSFORMING RESEARCH LIBRARIES FOR THE
260 ## - PUBLICATION, DISTRIBUTION, ETC.
Date of publication, distribution, etc. 2010
Place of publication, distribution, etc. Oxford
Name of publisher, distributor, etc. Chandos Publishing
300 ## - PHYSICAL DESCRIPTION
Extent xxii, : 183 : p. : cm. ; 23
365 ## - TRADE PRICE
Currency code GBP
Price amount 28
Holdings
Withdrawn status Lost status Damaged status Not for loan Home library Current library Shelving location Date acquired Source of acquisition Cost, normal purchase price Total Checkouts Full call number Barcode Date last seen Copy number Price effective from Koha item type
        IMTN IMTN Rack 2-B 03/31/2014 TB 47.50   020 DEW 22651 06/24/2024 108.9 06/24/2024 Books
Designed & Maintained by: LRC IMT Nagpur Contact: lrc@imtnag.ac.in© 2024. All Rights Reserved.